000 00398cam a2200157ua 4500
041 _aeng
_h
082 _a823.301
_bARD/NO
100 _aArdamatsky, Vasily .
245 _aNo rosy haze /
_cVasily Ardamatsky.
_hTextual Documents
250 _a1 /
_b.
260 _aMoscow :
_bForeign Language Publishing House ,
_c1986.
300 _a117 ; .
504 _a
942 _cBK
999 _c6880
_d6880